[Event "Wch Seniors 50 26th"]
[Site "Marianske Lazne"]
[Date "2016.11.28"]
[Round "9"]
[White "Marsalek, Lubos"]
[Black "Hrbolka, Ladislav"]
[Result "0-1"]
[WhiteElo "1927"]
[BlackElo "2094"]
[PlyCount "62"]
[EventDate "2016.11.19"]
[EventType "swiss"]
[EventRounds "11"]
[EventCountry "CZE"]
[SourceTitle "CBM 175 Extra"]
[Source "ChessBase"]
[SourceDate "2016.12.12"]
[SourceVersion "1"]
[SourceVersionDate "2016.12.12"]
[SourceQuality "1"]

1. c4 e6 2. Nc3 c5 3. g3 Nf6 4. Nf3 Nc6 5. Bg2 d5 6. cxd5 exd5 7. d4 Be7 8. 0-0 0-0 9. dxc5 Bxc5 10. Bg5 d4 11. Bxf6 gxf6 12. Na4 Be7 13. Rc1 f5 14. Rxc6 bxc6 15. Nxd4 Bd7 16. Bxc6 Rc8 17. Bxd7 Qxd7 18. Nc3 f4 19. e3 fxe3 20. fxe3 Bg5 21. Qf3 Rc4 22. Nf5 Qe6 23. h4 Bd8 24. Nd5 Kh8 25. b3 Re4 26. Nc3 Re5 27. e4 Ba5 28. Kh2 Rc8 29. Nd5 Rc2+ 30. Kh1 Rxe4 31. Nde3 Rc3 0-1

[Event "Wch Seniors 50 26th"]
[Site "Marianske Lazne"]
[Date "2016.11.24"]
[Round "6"]
[White "Vepkhvishvili, Varlam"]
[Black "Marsalek, Lubos"]
[Result "1-0"]
[WhiteElo "2086"]
[BlackElo "1927"]
[PlyCount "55"]
[EventDate "2016.11.19"]
[EventType "swiss"]
[EventRounds "11"]
[EventCountry "CZE"]
[SourceTitle "CBM 175 Extra"]
[Source "ChessBase"]
[SourceDate "2016.12.12"]
[SourceVersion "1"]
[SourceVersionDate "2016.12.12"]
[SourceQuality "1"]

1. e4 c5 2. Nc3 Nc6 3. Nge2 Nf6 4. g3 d6 5. Bg2 Bg4 6. h3 Bd7 7. 0-0 g6 8. d4 cxd4 9. Nxd4 Bg7 10. Be3 0-0 11. Nb3 Ne5 12. Nd2 Qc8 13. f4 Nc6 14. Kh2 Rb8 15. Rb1 b5 16. Qe2 b4 17. Nd5 Nxd5 18. exd5 Nd4 19. Qf2 Nb5 20. Nb3 Qc7 21. Rfc1 a5 22. Nd4 Nxd4 23. Bxd4 Qc4 24. Bxg7 Kxg7 25. Re1 Qxa2 26. Qd4+ Kg8 27. Ra1 e5 28. dxe6 1-0

[Event "Rakovnik Regional-chT 1415"]
[Site "Rakovnik"]
[Date "2015.02.01"]
[Round "7.4"]
[White "Stursa, Jan"]
[Black "Marsalek, Lubos"]
[Result "1/2-1/2"]
[WhiteElo "2085"]
[BlackElo "1908"]
[PlyCount "129"]
[EventDate "2014.10.19"]
[EventType "team-tourn"]
[EventRounds "11"]
[EventCountry "CZE"]
[SourceTitle "EXT 2016"]
[Source "ChessBase"]
[SourceDate "2015.10.08"]
[SourceVersion "1"]
[SourceVersionDate "2015.10.08"]
[SourceQuality "1"]
[WhiteTeam "Kralupy nad Vltavou"]
[BlackTeam "Uholicky"]
[WhiteTeamCountry "CZE"]
[BlackTeamCountry "CZE"]

1. Nf3 d5 2. g3 Nf6 3. Bg2 Bf5 4. 0-0 e6 5. d3 Bd6 6. Nbd2 0-0 7. b3 e5 8. Bb2 Re8 9. c4 c6 10. Rc1 Nbd7 11. Nh4 Bg4 12. h3 Be6 13. Qc2 a5 14. a3 Qe7 15. Nb1 Nh5 16. e4 dxe4 17. dxe4 g6 18. Rcd1 Bc5 19. Kh2 Red8 20. Rd2 f6 21. Rfd1 Nb6 22. Bf1 Ng7 23. Bc3 Rxd2 24. Qxd2 Bxa3 25. Bxa5 Bc5 26. Bc3 Qd7 27. b4 Be7 28. c5 Qxd2 29. Rxd2 Na4 30. f4 Nxc3 31. Nxc3 exf4 32. gxf4 f5 33. Nf3 Ra3 34. Rc2 fxe4 35. Nd4 e3 36. Nxe6 Nxe6 37. Bc4 Kf7 38. Ne4 h6 39. Kg2 Bf8 40. Ra2 Rxa2+ 41. Bxa2 Ke7 42. Nd6 Nxf4+ 43. Kf1 Bg7 44. Bc4 Bc3 45. b5 cxb5 46. Bxb5 Nxh3 47. Nxb7 Nf4 48. Nd6 Bd4 49. Ne4 Kd8 50. c6 Kc7 51. Ng3 Kb6 52. Ba4 Be5 53. Ne2 Nd5 54. Kg2 Nf4+ 55. Nxf4 Bxf4 56. Bc2 g5 57. Be4 Kc5 58. Kf3 Kd4 59. Bg6 Bd6 60. Ke2 g4 61. Bh5 g3 62. Bf3 Bf4 63. Bg2 h5 64. Bf3 h4 65. Bg2 1/2-1/2

[Event "Rakovnik Regional-chT 1415"]
[Site "Rakovnik"]
[Date "2015.01.04"]
[Round "5.4"]
[White "Benes, Petr"]
[Black "Marsalek, Lubos"]
[Result "1-0"]
[WhiteElo "2117"]
[BlackElo "1908"]
[PlyCount "71"]
[EventDate "2014.10.19"]
[EventType "team-tourn"]
[EventRounds "11"]
[EventCountry "CZE"]
[SourceTitle "EXT 2016"]
[Source "ChessBase"]
[SourceDate "2015.10.08"]
[SourceVersion "1"]
[SourceVersionDate "2015.10.08"]
[SourceQuality "1"]
[WhiteTeam "Nymburk Sokol"]
[BlackTeam "Uholicky"]
[WhiteTeamCountry "CZE"]
[BlackTeamCountry "CZE"]

1. d4 d5 2. c4 c6 3. Nc3 Nf6 4. Nf3 dxc4 5. a4 a5 6. e4 Bg4 7. Bxc4 e6 8. 0-0 Bxf3 9. gxf3 Bb4 10. Be3 0-0 11. Kh1 Kh8 12. Rg1 Nbd7 13. e5 Nd5 14. Nxd5 cxd5 15. Bd3 f5 16. Bg5 Qe8 17. Bb5 Qf7 18. f4 Rac8 19. Be2 Nb6 20. Bh5 Qd7 21. Qd3 Be7 22. Qh3 Bxg5 23. Rxg5 Rc7 24. Bg6 h6 25. Rag1 Rfc8 26. Rh5 Kg8 27. Rxh6 gxh6 28. Bxf5+ Qg7 29. Bxe6+ Kh8 30. Rxg7 Kxg7 31. Qg4+ Kh8 32. Bxc8 Rxc8 33. Qg6 Rc1+ 34. Kg2 Nc4 35. Qxh6+ Kg8 36. f5 1-0

[Event "Ricany op"]
[Site "Ricany"]
[Date "2013.08.28"]
[Round "6"]
[White "Marsalek, Lubos"]
[Black "Plchot, Miroslav"]
[Result "1/2-1/2"]
[WhiteElo "1997"]
[BlackElo "1887"]
[PlyCount "52"]
[EventDate "2013.08.24"]
[EventType "swiss"]
[EventRounds "9"]
[EventCountry "CZE"]
[SourceTitle "EXT 2022"]
[Source "ChessBase"]
[SourceDate "2021.10.06"]
[SourceVersion "1"]
[SourceVersionDate "2021.10.06"]
[SourceQuality "1"]

1. Nf3 g6 2. c4 Bg7 3. Nc3 c5 4. b3 Nc6 5. Bb2 Nf6 6. e3 0-0 7. d4 cxd4 8. Nxd4 d6 9. Be2 Qb6 10. Nxc6 bxc6 11. Bf3 Bb7 12. 0-0 Rfd8 13. Na4 Qc7 14. Qc2 c5 15. Bxb7 Qxb7 16. Nc3 Ne8 17. Rfd1 Nc7 18. Rd2 Na6 19. Nd5 Nb4 20. Qe4 Nxd5 21. Qxd5 Qxd5 22. cxd5 a5 23. Rc1 Bxb2 24. Rxb2 Rdb8 25. Rc4 Rb7 26. Ra4 Kg7 1/2-1/2

[Event "CZE-chT2B 1213"]
[Site "Czech Republic"]
[Date "2013.02.17"]
[Round "9.6"]
[White "Marsalek, Lubos"]
[Black "Burda, Roman"]
[Result "0-1"]
[WhiteElo "2043"]
[BlackElo "2158"]
[PlyCount "130"]
[EventDate "2012.10.14"]
[EventType "team-tourn"]
[EventRounds "11"]
[EventCountry "CZE"]
[SourceTitle "EXT 2015"]
[Source "ChessBase"]
[SourceDate "2014.11.20"]
[SourceVersion "1"]
[SourceVersionDate "2014.11.20"]
[SourceQuality "1"]
[WhiteTeam "Kralupy nad Vltavou"]
[BlackTeam "Neratovice"]
[WhiteTeamCountry "CZE"]
[BlackTeamCountry "CZE"]

1. Nf3 d5 2. c4 d4 3. d3 c5 4. g3 Nc6 5. Bg2 Nf6 6. 0-0 e5 7. e3 Be7 8. exd4 exd4 9. Re1 0-0 10. h3 h6 11. Na3 Bd6 12. Nc2 a5 13. Na3 Bf5 14. Nb5 Bb8 15. a3 Qd7 16. Kh2 g5 17. Nxg5 hxg5 18. Bxg5 Nh7 19. Bh6 Ne5 20. Bxf8 Kxf8 21. Be4 Ra6 22. Qh5 Rf6 23. f4 Nc6 24. Bxf5 Qxf5 25. Qxf5 Rxf5 26. Re2 Nf6 27. Rae1 Rh5 28. Kg2 Kg7 29. Rf1 Rh8 30. Rfe1 Rd8 31. Rf1 Rd7 32. Rfe1 Kf8 33. Kf3 Nd8 34. Kg2 Ne6 35. Kf3 Nh5 36. Kg4 Neg7 37. Kf3 Nf6 38. g4 Ne6 39. Rxe6 fxe6 40. Rxe6 Kf7 41. f5 Ne8 42. b3 Ng7 43. Re4 Kf6 44. h4 Rd8 45. h5 Rh8 46. Re1 Be5 47. Rh1 Ne8 48. Ke4 Nd6+ 49. Nxd6 Bxd6 50. Kd5 Bf8 51. Re1 Kg5 52. Re8 Kxg4 53. Ke6 Kg5 54. Kf7 Bg7 55. Rxh8 Bxh8 56. Ke7 Bg7 57. Kd6 Bf8+ 58. Kc7 Kf4 59. f6 Ke3 60. f7 Kxd3 61. Kd7 Kc2 62. Ke8 Bh6 63. f8Q Bxf8 64. Kxf8 d3 65. h6 d2 0-1

[Event "Ricany op"]
[Site "Ricany"]
[Date "2009.08.29"]
[Round "9"]
[White "Marsalek, Lubos"]
[Black "Voracek, Zdenek"]
[Result "1-0"]
[WhiteElo "1955"]
[BlackElo "2075"]
[PlyCount "69"]
[EventDate "2009.08.22"]
[EventType "swiss"]
[EventRounds "9"]
[EventCountry "CZE"]
[SourceTitle "CBM 131 Extra"]
[Source "ChessBase"]
[SourceDate "2009.09.03"]
[SourceVersion "2"]
[SourceVersionDate "2009.09.16"]
[SourceQuality "1"]

1. c4 Nf6 2. Nc3 c5 3. g3 d5 4. cxd5 Nxd5 5. Bg2 Nc7 6. Nf3 Nc6 7. 0-0 e5 8. d3 Be7 9. Nd2 Nd4 10. Nc4 f6 11. f4 exf4 12. Bxf4 0-0 13. Na5 Rb8 14. e3 Nde6 15. Qb3 Kh8 16. Nc6 bxc6 17. Qxb8 Na6 18. Qb3 g5 19. Bb8 c4 20. Qxc4 Nxb8 21. d4 Qe8 22. Qb3 Bd7 23. Qb7 a5 24. Rae1 g4 25. a3 Qh5 26. Ne2 Ng5 27. Nf4 Qh6 28. Qc7 Bf5 29. Qxe7 Nf3+ 30. Bxf3 gxf3 31. Rxf3 Bg4 32. Rff1 Nd7 33. Rc1 c5 34. Nd5 Bh3 35. Rf4 1-0

[Event "Ricany op"]
[Site "Ricany"]
[Date "2009.08.27"]
[Round "7"]
[White "Marsalek, Lubos"]
[Black "Kovar, Vojtech"]
[Result "0-1"]
[WhiteElo "1955"]
[BlackElo "2328"]
[PlyCount "208"]
[EventDate "2009.08.22"]
[EventType "swiss"]
[EventRounds "9"]
[EventCountry "CZE"]
[SourceTitle "CBM 131 Extra"]
[Source "ChessBase"]
[SourceDate "2009.09.03"]
[SourceVersion "2"]
[SourceVersionDate "2009.09.16"]
[SourceQuality "1"]

1. Nf3 e6 2. d4 c5 3. c4 cxd4 4. Nxd4 b6 5. Nc3 Bb7 6. Ndb5 d6 7. e4 a6 8. Nd4 Nf6 9. Bd3 Be7 10. 0-0 0-0 11. Be3 Nbd7 12. f4 Qc7 13. Rc1 Nc5 14. f5 e5 15. Nb3 Nfxe4 16. Nd5 Bxd5 17. cxd5 Qd8 18. Nxc5 Nxc5 19. Bb1 Bg5 20. Bxg5 Qxg5 21. Rc3 a5 22. Rg3 Qf6 23. Qh5 e4 24. Rh3 h6 25. Rg3 Rae8 26. Kh1 Re5 27. a3 a4 28. h3 Rfe8 29. Re3 Qg5 30. Qxg5 hxg5 31. Ba2 Kf8 32. g4 Ke7 33. Bc4 Rb8 34. Rfe1 b5 35. Ba2 Kd7 36. Bb1 Rbe8 37. Ba2 Rb8 38. Bb1 b4 39. f6 g6 40. axb4 Rxb4 41. Kg1 Rxb2 42. Bxe4 a3 43. Rxa3 Rb8 44. Ra7+ Ke8 45. Re7+ Rxe7 46. fxe7 Nxe4 47. Rxe4 Rb2 48. Rc4 Kxe7 49. Rc7+ Kf6 50. Rd7 Ke5 51. Rxf7 Rd2 52. Rg7 Kf6 53. Rg8 Rxd5 54. Kf2 Rd3 55. Rf8+ Ke7 56. Rg8 Kf7 57. Rd8 Rd1 58. Ke2 Rd4 59. Ke3 Rd5 60. Rd7+ Ke6 61. Rg7 Kf6 62. Rd7 Rd1 63. Ke2 Rd4 64. Ke3 Rd5 65. Ke4 Rd1 66. Ke3 Ke5 67. Re7+ Kd5 68. Rg7 Re1+ 69. Kd3 Re6 70. Ra7 Ke5 71. Rf7 Rf6 72. Re7+ Re6 73. Rf7 d5 74. Rf8 Re7 75. Rg8 Re6 76. Rf8 Ra6 77. Re8+ Kd6 78. Rd8+ Kc5 79. Rc8+ Rc6 80. Rd8 Re6 81. Rc8+ Kd6 82. Rd8+ Ke5 83. Rf8 Re7 84. Rg8 Rh7 85. Re8+ Kf4 86. Re3 Ra7 87. Re6 Ra3+ 88. Kd4 Rxh3 89. Kxd5 Rd3+ 90. Kc4 Rd8 91. Rxg6 Kxg4 92. Rg7 Kf4 93. Rf7+ Kg3 94. Ra7 g4 95. Ra3+ Kh4 96. Ra7 g3 97. Rh7+ Kg4 98. Rg7+ Kf3 99. Rf7+ Ke2 100. Re7+ Kf2 101. Rf7+ Kg1 102. Ra7 g2 103. Rf7 Rh8 104. Kd3 Kh1 0-1

[Event "Ricany op"]
[Site "Ricany"]
[Date "2009.08.26"]
[Round "6"]
[White "Vevera, Radek"]
[Black "Marsalek, Lubos"]
[Result "0-1"]
[WhiteElo "2092"]
[BlackElo "1955"]
[PlyCount "86"]
[EventDate "2009.08.22"]
[EventType "swiss"]
[EventRounds "9"]
[EventCountry "CZE"]
[SourceTitle "CBM 131 Extra"]
[Source "ChessBase"]
[SourceDate "2009.09.03"]
[SourceVersion "2"]
[SourceVersionDate "2009.09.16"]
[SourceQuality "1"]

1. c4 e5 2. Nc3 Bb4 3. Nf3 Bxc3 4. dxc3 Nc6 5. g3 d6 6. Bg2 Nge7 7. 0-0 Be6 8. Qa4 0-0 9. e4 Nc8 10. c5 dxc5 11. Be3 Nb6 12. Qa3 c4 13. Rad1 Qc8 14. Bc5 Re8 15. Ng5 Bg4 16. f3 Bd7 17. g4 f6 18. Nh3 h5 19. Nf2 hxg4 20. Rxd7 Qxd7 21. Nxg4 Nd8 22. Qa5 Ne6 23. Bh3 Qc6 24. Be3 Nf4 25. Bxf4 exf4 26. Qh5 Re7 27. Qg6 Qc5+ 28. Rf2 Qg5 29. Qxg5 fxg5 30. Rd2 Kf8 31. Bf1 Ke8 32. Kf2 Rd8 33. Ke1 Rxd2 34. Kxd2 Kd7 35. Kc2 Kc6 36. Be2 Kc5 37. Bf1 Nd7 38. Bh3 b5 39. Kc1 a5 40. a3 Kd6 41. Kc2 Re8 42. Nf2 Ne5 43. Bg4 Rh8 0-1

[Event "Ricany op"]
[Site "Ricany"]
[Date "2009.08.24"]
[Round "4"]
[White "Koper, Stefan"]
[Black "Marsalek, Lubos"]
[Result "1-0"]
[WhiteElo "2024"]
[BlackElo "1955"]
[PlyCount "75"]
[EventDate "2009.08.22"]
[EventType "swiss"]
[EventRounds "9"]
[EventCountry "CZE"]
[SourceTitle "CBM 131 Extra"]
[Source "ChessBase"]
[SourceDate "2009.09.03"]
[SourceVersion "2"]
[SourceVersionDate "2009.09.16"]
[SourceQuality "1"]

1. d4 Nf6 2. c4 g6 3. Nc3 d5 4. Bg5 dxc4 5. e4 Bg7 6. Bxc4 c6 7. Nf3 Qa5 8. Bxf6 Bxf6 9. e5 Bg7 10. h4 Qb4 11. Qe2 b5 12. Bb3 e6 13. h5 Na6 14. hxg6 hxg6 15. Rxh8+ Bxh8 16. 0-0-0 Bd7 17. Ng5 Qe7 18. Nce4 Kd8 19. Qd2 Nb4 20. Nxf7+ Qxf7 21. Qxb4 Qf4+ 22. Nd2 Bxe5 23. Qa5+ Bc7 24. Qc3 Bb6 25. Kb1 Bxd4 26. Qd3 e5 27. f3 Bf5 28. Ne4 Bxe4 29. fxe4 Kc7 30. Rc1 Qg4 31. Qc2 Rh8 32. a4 a6 33. Bd5 c5 34. axb5 axb5 35. Qd2 b4 36. Qc2 Qg3 37. Qe2 Rh2 38. Qa6 1-0

[Event "Ricany op-A"]
[Site "Ricany"]
[Date "2007.08.30"]
[Round "7"]
[White "Fikr, Lukas"]
[Black "Marsalek, Lubos"]
[Result "0-1"]
[WhiteElo "2134"]
[BlackElo "2028"]
[PlyCount "108"]
[EventDate "2007.08.25"]
[EventType "swiss"]
[EventRounds "9"]
[EventCountry "CZE"]
[SourceTitle "EXT 2008"]
[Source "ChessBase"]
[SourceDate "2007.11.25"]
[SourceVersion "1"]
[SourceVersionDate "2007.11.25"]
[SourceQuality "1"]

1. Nf3 d5 2. d4 Nf6 3. g3 e6 4. Bg2 Be7 5. 0-0 0-0 6. c4 dxc4 7. Qc2 a6 8. Qxc4 b5 9. Qd3 Bb7 10. Be3 Be4 11. Qd2 Nbd7 12. Nc3 Bb7 13. Rfd1 Nb6 14. Ne5 Bxg2 15. Kxg2 b4 16. Nb1 Qd5+ 17. Kg1 Rfd8 18. a3 a5 19. axb4 axb4 20. Rxa8 Rxa8 21. Qc2 Bd6 22. Nd2 Bxe5 23. dxe5 Ng4 24. Bf4 Rd8 25. Rc1 Qd4 26. Ne4 Nxe5 27. Qxc7 Nec4 28. Ng5 Rd7 29. Qc6 h6 30. Nf3 Qd5 31. Qxd5 Rxd5 32. Bc7 Rd7 33. Bxb6 Nxb6 34. Ne5 Rd2 35. Nd3 Rxe2 36. Rc6 Nd5 37. Rc8+ Kh7 38. Rb8 Rd2 39. Nxb4 Rxb2 40. Nc6 Rxb8 41. Nxb8 Kg6 42. Nd7 Kf5 43. Nc5 g5 44. f3 h5 45. Ne4 f6 46. Kf2 g4 47. Nd6+ Ke5 48. Nf7+ Kd4 49. f4 e5 50. fxe5 fxe5 51. Nd6 Kd3 52. Ke1 e4 53. Nf5 e3 54. Ng7 Nb4 0-1

[Event "Czechia KP-chTA 0607"]
[Site "Czech Republic"]
[Date "2006.12.10"]
[Round "4.7"]
[White "Marsalek, Lubos"]
[Black "Sefcik, Vaclav"]
[Result "1-0"]
[WhiteElo "1974"]
[BlackElo "1919"]
[PlyCount "113"]
[EventDate "2006.10.29"]
[EventType "team-tourn"]
[EventRounds "11"]
[EventCountry "CZE"]
[SourceTitle "EXT 2008"]
[Source "ChessBase"]
[SourceDate "2007.11.25"]
[SourceVersion "1"]
[SourceVersionDate "2007.11.25"]
[SourceQuality "1"]
[WhiteTeam "Kralupy nad Vltavou"]
[BlackTeam "Zebrak"]
[WhiteTeamCountry "CZE"]
[BlackTeamCountry "CZE"]

1. b3 e6 2. Bb2 Nf6 3. e3 d5 4. f4 Nc6 5. Nf3 Bd7 6. Be2 Bd6 7. 0-0 h6 8. Ne5 Bxe5 9. fxe5 Ne4 10. d3 Ng5 11. Qe1 a6 12. Qf2 0-0 13. Bh5 Kh8 14. Qf4 b5 15. Nd2 Qe7 16. a4 b4 17. Rae1 a5 18. Rf2 Be8 19. Ref1 Nd8 20. Bg6 Rg8 21. Bh5 Rc8 22. Kh1 c5 23. Be2 Nh7 24. e4 c4 25. dxc4 dxc4 26. Nxc4 Nb7 27. Bd3 Nf8 28. Nd6 Rc7 29. Qg3 Kh7 30. Qe3 Ng6 31. Qb6 Rf8 32. Bd4 Nh8 33. Nxb7 Rxb7 34. Qxa5 Qc7 35. Qxc7 Rxc7 36. a5 Bd7 37. a6 Ra8 38. Bb6 Rcc8 39. a7 Bc6 40. Ra1 Kg6 41. Ra5 f6 42. exf6 gxf6 43. Rc5 Bb7 44. Kg1 Nf7 45. Rb5 Ne5 46. Rxb4 Nxd3 47. cxd3 Ba6 48. Rd2 f5 49. exf5+ Kxf5 50. Kf2 Bb7 51. Rc4 Bd5 52. Rxc8 Rxc8 53. b4 Ke5 54. Ke3 Kd6 55. Bc5+ Kc6 56. Rf2 Rg8 57. g3 1-0

[Event "Czechia KP-chTA 0607"]
[Site "Czech Republic"]
[Date "2006.10.29"]
[Round "1.7"]
[White "Bilek, Roman"]
[Black "Marsalek, Lubos"]
[Result "0-1"]
[WhiteElo "1995"]
[BlackElo "1974"]
[PlyCount "80"]
[EventDate "2006.10.29"]
[EventType "team-tourn"]
[EventRounds "11"]
[EventCountry "CZE"]
[SourceTitle "EXT 2008"]
[Source "ChessBase"]
[SourceDate "2007.11.25"]
[SourceVersion "1"]
[SourceVersionDate "2007.11.25"]
[SourceQuality "1"]
[WhiteTeam "Uholicky"]
[BlackTeam "Kralupy nad Vltavou"]
[WhiteTeamCountry "CZE"]
[BlackTeamCountry "CZE"]

1. d4 d5 2. Nf3 Nf6 3. c4 c6 4. e3 Bf5 5. Nc3 e6 6. Nh4 Be4 7. Nxe4 Nxe4 8. Nf3 Bb4+ 9. Bd2 Qa5 10. a3 Nxd2 11. Nxd2 Bxd2+ 12. Qxd2 Qxd2+ 13. Kxd2 Nd7 14. cxd5 exd5 15. b4 Nf6 16. f3 Kd7 17. Bd3 Rhe8 18. b5 g6 19. Rab1 Rab8 20. Rb3 Rec8 21. Rhb1 c5 22. dxc5 Rxc5 23. Rc3 Rbc8 24. Rxc5 Rxc5 25. b6 a5 26. Bb5+ Kd6 27. Kd3 Nd7 28. g4 Ne5+ 29. Ke2 Rc2+ 30. Kf1 Nxf3 31. Rd1 Nxh2+ 32. Kg1 Nf3+ 33. Kf1 Nh2+ 34. Kg1 Nxg4 35. e4 Rg2+ 36. Kxg2 Ne3+ 37. Kf3 Nxd1 38. exd5 Kxd5 39. Be8 f6 40. Kf4 Kc5 0-1

[Event "CZE-chT3A Middle 0506  "]
[Site "Czech Republic"]
[Date "2006.03.19"]
[Round "10.3"]
[White "Hochman, Jan"]
[Black "Marsalek, Lubos"]
[Result "0-1"]
[WhiteElo "1713"]
[BlackElo "1967"]
[PlyCount "60"]
[EventDate "2005.10.30"]
[EventType "team-tourn"]
[EventRounds "11"]
[EventCountry "CZE"]
[SourceTitle "EXT 2009"]
[Source "ChessBase"]
[SourceDate "2008.11.26"]
[SourceVersion "1"]
[SourceVersionDate "2008.11.26"]
[SourceQuality "1"]

1. d4 d5 2. c4 c6 3. Nf3 Nf6 4. Nc3 dxc4 5. a4 a5 6. Ne5 Bf5 7. f3 Nbd7 8. Nxc4 e6 9. e4 Bg6 10. Be3 Bb4 11. Bd3 0-0 12. 0-0 Re8 13. Qe2 Qc7 14. Rfd1 h6 15. Rac1 Qd8 16. Kh1 Qe7 17. Bb1 e5 18. dxe5 Nxe5 19. Ba2 Rad8 20. Nb1 Nxc4 21. Bxc4 Qe5 22. Qf2 Bd6 23. g3 Nxe4 24. fxe4 Qxe4+ 25. Kg1 Qxe3 26. Re1 Qxf2+ 27. Kxf2 Bc5+ 28. Kf1 Rxe1+ 29. Kxe1 Be3 30. Rc3 Re8 0-1

[Event "CZE-chT3A Middle 0506  "]
[Site "Czech Republic"]
[Date "2006.03.05"]
[Round "9.4"]
[White "Marsalek, Lubos"]
[Black "Zahorbensky, Jaroslav"]
[Result "0-1"]
[WhiteElo "1967"]
[BlackElo "2140"]
[PlyCount "48"]
[EventDate "2005.10.30"]
[EventType "team-tourn"]
[EventRounds "11"]
[EventCountry "CZE"]
[SourceTitle "EXT 2009"]
[Source "ChessBase"]
[SourceDate "2008.11.26"]
[SourceVersion "1"]
[SourceVersionDate "2008.11.26"]
[SourceQuality "1"]

1. b3 d5 2. Bb2 Nf6 3. e3 Bf5 4. Ne2 Nbd7 5. Ng3 Bg6 6. d4 e6 7. Bd3 Bxd3 8. Qxd3 h5 9. Nd2 h4 10. Ne2 h3 11. gxh3 Bd6 12. e4 dxe4 13. Nxe4 Nxe4 14. Qxe4 c6 15. Qf3 Qa5+ 16. c3 Qd5 17. Qxd5 cxd5 18. Rg1 g6 19. Rg2 Rxh3 20. Ng3 0-0-0 21. Ke2 Rdh8 22. c4 Rxh2 23. Rxh2 Rxh2 24. Rh1 Bxg3 0-1

[Event "CZE-chT3A Middle 0506  "]
[Site "Czech Republic"]
[Date "2006.02.05"]
[Round "7.4"]
[White "Marsalek, Lubos"]
[Black "Rujder, Tibor"]
[Result "1/2-1/2"]
[WhiteElo "1967"]
[BlackElo "1997"]
[PlyCount "60"]
[EventDate "2005.10.30"]
[EventType "team-tourn"]
[EventRounds "11"]
[EventCountry "CZE"]
[SourceTitle "EXT 2009"]
[Source "ChessBase"]
[SourceDate "2008.11.26"]
[SourceVersion "1"]
[SourceVersionDate "2008.11.26"]
[SourceQuality "1"]

1. b3 d5 2. Bb2 c5 3. e3 Nc6 4. Bb5 a6 5. Bxc6+ bxc6 6. f4 Nf6 7. Nf3 Bg4 8. 0-0 e6 9. Qe1 Bxf3 10. Rxf3 Be7 11. d3 a5 12. a4 Rb8 13. Bc3 Ra8 14. e4 g6 15. Nd2 0-0 16. Rh3 d4 17. Bb2 Nh5 18. Qf2 f5 19. e5 Ra7 20. Nc4 Rb7 21. Bc1 Qc7 22. Bd2 Ra8 23. Rf1 Bf8 24. Qf3 Rba7 25. Kf2 Ra6 26. Rg1 Qd7 27. g4 Ng7 28. gxf5 Nxf5 29. Rh5 R8a7 30. Qh3 Qg7 1/2-1/2

[Event "CZE-chT3A Middle 0506  "]
[Site "Czech Republic"]
[Date "2005.11.27"]
[Round "3.5"]
[White "Lavrincik, Pavel"]
[Black "Marsalek, Lubos"]
[Result "0-1"]
[WhiteElo "1902"]
[BlackElo "1967"]
[PlyCount "46"]
[EventDate "2005.10.30"]
[EventType "team-tourn"]
[EventRounds "11"]
[EventCountry "CZE"]
[SourceTitle "EXT 2009"]
[Source "ChessBase"]
[SourceDate "2008.11.26"]
[SourceVersion "1"]
[SourceVersionDate "2008.11.26"]
[SourceQuality "1"]

1. c4 e5 2. Nc3 Bb4 3. Nd5 Ba5 4. b4 c6 5. bxa5 cxd5 6. cxd5 Qxa5 7. e4 Nf6 8. Qc2 0-0 9. Nf3 d6 10. Rb1 Bd7 11. Rxb7 Rc8 12. Qb1 Nxe4 13. Bd3 Qxd5 14. 0-0 Nf6 15. Rb4 Bc6 16. Bc4 Qa5 17. d4 e4 18. d5 Nxd5 19. Bxd5 Bxd5 20. Rb5 Qxa2 21. Qb4 exf3 22. Qg4 Qc4 23. gxf3 Qxg4+ 0-1

[Event "Prague ProMoPro op"]
[Site "Prague"]
[Date "2004.09.14"]
[Round "4"]
[White "Marsalek, Lubos"]
[Black "Simecek, Bohumil"]
[Result "0-1"]
[WhiteElo "2009"]
[BlackElo "2113"]
[PlyCount "78"]
[EventDate "2004.09.11"]
[EventType "swiss"]
[EventRounds "9"]
[EventCountry "CZE"]
[SourceTitle "CBM 102 Extra"]
[Source "ChessBase"]
[SourceDate "2004.11.03"]
[SourceVersion "1"]
[SourceVersionDate "2004.11.03"]
[SourceQuality "1"]

1. Nf3 Nf6 2. g3 g6 3. Bg2 Bg7 4. c4 0-0 5. Nc3 d6 6. d4 Nc6 7. e4 a6 8. 0-0 Rb8 9. d5 Na5 10. Qd3 c5 11. Rb1 b5 12. cxb5 c4 13. Qc2 axb5 14. b4 cxb3 15. axb3 b4 16. Na2 Nxe4 17. Nd4 Nc5 18. Qd2 Bxd4 19. Qxd4 Naxb3 20. Qh4 Nxc1 21. Rfxc1 b3 22. Nb4 Bd7 23. Nc6 Bxc6 24. dxc6 Qc7 25. Rc3 e6 26. Qf4 Rfc8 27. g4 e5 28. Qh6 e4 29. g5 f5 30. gxf6 Rf8 31. Qh4 Qxc6 32. Rh3 Rf7 33. Qf4 Rbf8 34. Qh6 d5 35. f3 Qxf6 36. fxe4 dxe4 37. Bf1 Qf2+ 38. Kh1 Qc2 39. Bd3 Nxd3 0-1

[Event "CZE-chT2b 0001"]
[Site "Czech Republic"]
[Date "2001.??.??"]
[Round "?"]
[White "Cekal, Zdenek"]
[Black "Marsalek, Lubos"]
[Result "1/2-1/2"]
[WhiteElo "2050"]
[BlackElo "1980"]
[PlyCount "56"]
[EventDate "2000.??.??"]
[EventType "team-tourn"]
[EventRounds "11"]
[EventCountry "CZE"]
[SourceTitle "EXT 2003"]
[Source "ChessBase"]
[SourceDate "2002.11.25"]
[SourceVersion "1"]
[SourceVersionDate "2002.11.25"]
[SourceQuality "1"]

1. e4 c5 2. Nf3 d6 3. d4 cxd4 4. Nxd4 Nf6 5. Nc3 Bd7 6. Bc4 e6 7. Bb3 a6 8. 0-0 Nc6 9. Be3 b5 10. f4 Be7 11. f5 Nxd4 12. Bxd4 e5 13. Be3 Bc6 14. Nd5 Nxd5 15. Bxd5 Bxd5 16. Qxd5 0-0 17. Rad1 Rc8 18. c3 Rc4 19. Qb7 Qc7 20. Qxc7 Rxc7 21. Bb6 Rc6 22. Ba5 Rc4 23. Bb4 Rxe4 24. Bxd6 Bxd6 25. Rxd6 Re2 26. Rf2 Re1+ 27. Rf1 Re2 28. Rf2 Re1+ 1/2-1/2